000 00330nam a2200133Ia 4500
008 240624s9999 xx 000 0 und d
041 _aeng
082 _a823 DHI
100 _aDHILLON KANIKA
245 _aBOMBAY DUCK IS A FISH
260 _c2011
_aChennai
_bWestland And Tranquebar Press
300 _a200 : p.
365 _cRS
_b25
999 _c18178
_d18178